00777nam a2200217Ia 4500003000900000008004100009020001800050040001600068080001200084245015500096260003100251300001500282500002600297650001800323650004100341700003200382700003500414942000700449999001500456952008800471IN-BaIIA211028s9999 xx 000 0 eng d a0-262-03080-2 cIIA Library a52bCOR 0aRevealing the universebprediction and proof in astronomycedited by James Cornell and Allan P. Lightman  aCambridgebMIT Pressc1982 axiv, 246p. aDonated by Mrs. Bappu aAstronomy980 aAstronomy and Astrophysics Thesaurus aCornell, James., ed.910013 aLightman, Allan P., ed.913044 cBK c7714d7714 00104070aBANbBANcGENd1983-07-26l0o52/ CORp8529r2021-11-05w1983-07-26yBK